Regnal Numbers of Monarchs - Picture Quiz - Statistics

General Stats
  • This quiz has been taken 69 times
  • The average score is 13 of 16
Answer Stats
Picture Answer % Correct
Henry {VIII} of England
100%
Henry {II} of England
89%
Louis {XIV} of France
89%
Simeon {II} of Bulgaria
89%
Nicholas {II} of Russia
87%
Felipe {VI} of Spain
85%
Louis {XVI} of France
80%
Albert {II} of Monaco
74%
Hans-Adam {II} of Liechtenstein
74%
Mohammed {VI} of Morocco
72%
Tupou {VI} of Tonga
72%
Abdullah {II} of Jordan
70%
Benedict {XVI} of Vatican City
70%
Paul {VI} of Vatican City
70%
Letsie {III} of Lesotho
69%
Muhammad {V} of Malaysia
67%
No matching quizzes found
Score Distribution
Percent of People with Each Score
Percentile by Number Answered
Your Score History
You have not taken this quiz